和歌山県の駅名一覧 - Statistics

General Stats
  • This quiz has been taken 56 times
  • The average score is 59 of 126
Answer Stats
Hint Answer % Correct
きのくに線 | 和歌山線 | 和歌山電鐵 貴志川線 01 | +2 others 和歌山
100%
阪和線 R-51 紀伊
98%
南海電鉄 南海本線 NK-45 | 紀勢線 和歌山市
93%
南海電鉄 高野線 NK-77 | 和歌山線 橋本
88%
きのくに線 紀伊田辺
83%
きのくに線 海南
81%
きのくに線 | 紀州鉄道 01 御坊
76%
きのくに線 白浜
76%
阪和線 R-53 紀伊中ノ島
74%
きのくに線 串本
74%
きのくに線 新宮
74%
南海電鉄 和歌山港線 NK-45-1 和歌山港
69%
紀勢線 紀和
67%
きのくに線 紀三井寺
67%
きのくに線 周参見
67%
きのくに線 紀伊勝浦
67%
南海電鉄 加太線 NK-44-7 加太
67%
阪和線 R-52 六十谷
64%
きのくに線 広川ビーチ
62%
きのくに線 那智
62%
南海電鉄 南海本線 NK-43 和歌山大学前
62%
きのくに線 太地
60%
和歌山電鐵 貴志川線 14 貴志
60%
きのくに線 湯浅
57%
きのくに線 紀伊新庄
57%
きのくに線 紀伊有田
57%
きのくに線 宮前
55%
きのくに線 紀伊由良
55%
きのくに線 紀伊内原
55%
きのくに線 紀伊富田
55%
きのくに線 紀伊佐野
55%
南海電鉄 南海本線 NK-44 紀ノ川
55%
南海電鉄 高野線 NK-86 極楽橋
55%
きのくに線 冷水浦
52%
きのくに線 古座
52%
きのくに線 紀伊天満
52%
きのくに線 三輪崎
52%
和歌山線 岩出
50%
きのくに線 箕島
50%
きのくに線 朝来
50%
南海電鉄 高野線 NK-75 林間田園都市
50%
紀州鉄道 05 西御坊
50%
和歌山線 粉河
48%
きのくに線 黒江
48%
きのくに線 印南
48%
きのくに線 南部
48%
きのくに線 椿
48%
きのくに線 紀伊日置
48%
きのくに線 紀伊浦神
48%
南海電鉄 高野線 NK-79 学文路
48%
和歌山線 高野口
45%
きのくに線 藤並
45%
きのくに線 見老津
45%
きのくに線 下津
43%
南海電鉄 高野線 NK-80 九度山
43%
和歌山線 田井ノ瀬
40%
きのくに線 初島
40%
きのくに線 和佐
40%
きのくに線 田子
40%
きのくに線 田並
40%
きのくに線 紀伊姫
40%
きのくに線 紀伊田原
40%
きのくに線 湯川
40%
南海電鉄 高野線 NK-74 紀見峠
40%
南海電鉄 高野線 NK-81 高野下
40%
南海電鉄 高野線 NK-84 紀伊細川
40%
和歌山線 千旦
38%
きのくに線 紀伊宮原
38%
きのくに線 切目
38%
きのくに線 岩代
38%
きのくに線 芳養
38%
きのくに線 下里
38%
きのくに線 宇久井
38%
南海電鉄 加太線 NK-44-1 東松江
38%
南海電鉄 高野線 NK-78 紀伊清水
38%
紀州鉄道 03 紀伊御坊
38%
和歌山線 西笠田
36%
和歌山線 笠田
36%
和歌山線 中飯降
36%
きのくに線 加茂郷
36%
きのくに線 和深
36%
南海電鉄 加太線 NK-44-2 中松江
36%
南海電鉄 加太線 NK-44-3 八幡前
36%
南海電鉄 高野線 NK-85 紀伊神谷
36%
きのくに線 道成寺
33%
きのくに線 江住
33%
南海電鉄 高野線 NK-76 御幸辻
33%
和歌山線 布施屋
31%
和歌山線 紀伊小倉
31%
和歌山線 打田
31%
和歌山線 紀伊長田
31%
和歌山線 大谷
31%
和歌山線 下兵庫
31%
きのくに線 稲原
31%
紀州鉄道 02 学門
31%
和歌山線 妙寺
29%
和歌山線 紀伊山田
26%
和歌山線 隅田
26%
南海電鉄 加太線 NK-44-4 西ノ庄
26%
南海電鉄 高野線 NK-82 下小沢
24%
南海電鉄 高野線 NK-83 上小沢
24%
和歌山線 船戸
21%
和歌山線 名手
21%
南海電鉄 加太線 NK-44-5 二里ヶ浜
21%
紀州鉄道 04 市役所前
21%
和歌山線 下井阪
19%
南海電鉄 加太線 NK-44-6 磯ノ浦
19%
和歌山電鐵 貴志川線 06 交通センター前
19%
和歌山電鐵 貴志川線 09 伊太祈曽
19%
和歌山電鐵 貴志川線 02 田中口
17%
和歌山電鐵 貴志川線 03 日前宮
17%
和歌山電鐵 貴志川線 04 神前
14%
和歌山電鐵 貴志川線 05 竈山
14%
和歌山電鐵 貴志川線 11 大池遊園
14%
和歌山電鐵 貴志川線 07 岡崎前
12%
和歌山電鐵 貴志川線 10 山東
12%
和歌山電鐵 貴志川線 13 甘露寺前
12%
和歌山電鐵 貴志川線 08 吉礼
10%
和歌山電鐵 貴志川線 12 西山口
10%
No matching quizzes found
Score Distribution
Percent of People with Each Score
Percentile by Number Answered
Your Score History
You have not taken this quiz